| 000 | 00367 a2200157 4500 | ||
|---|---|---|---|
| 001 | 56584 | ||
| 020 | _a8589404056 | ||
| 040 | _cAnchieta - Pituba | ||
| 100 | _aGuimarães, José Aurélio Sant'Anna | ||
| 240 | 1 | 0 |
_aCadê, Princesa Isabel? _lpor |
| 245 | 1 | 0 | _aCadê, Princesa Isabel? |
| 300 | _a125 | ||
| 362 | 0 | _a2006 | |
| 650 | 4 | _aLiteratura juvenil | |
| 942 | _cBK | ||
| 999 |
_c56584 _d56584 |
||